The complete guide to letting property (Record no. 106001)

MARC details
000 -LEADER
fixed length control field 01487cam a2200277 4500
001 - CONTROL NUMBER
control field ##L135319
008 - FIXED-LENGTH DATA ELEMENTS--GENERAL INFORMATION
fixed length control field 061013n2006 000 0 eng u
020 ## - INTERNATIONAL STANDARD BOOK NUMBER
International Standard Book Number 0749448040
-- 9780749448042
035 ## - SYSTEM CONTROL NUMBER
System control number (Sirsi) u135319
041 0# - LANGUAGE CODE
Language code of text/sound track or separate title eng
050 04 - LIBRARY OF CONGRESS CALL NUMBER
Classification number 346.4104342 $2 18
100 1# - MAIN ENTRY--PERSONAL NAME
Personal name Hodgkinson, Liz
245 04 - TITLE STATEMENT
Title The complete guide to letting property
250 ## - EDITION STATEMENT
Edition statement 6th ed.
260 ## - PUBLICATION, DISTRIBUTION, ETC.
Place of publication, distribution, etc. London
Name of publisher, distributor, etc. Kogan Page
Date of publication, distribution, etc. 2006
300 ## - PHYSICAL DESCRIPTION
Extent x, 305p.
Dimensions 22cm.
350 ## - PRICE (NR) (BK AM CF MU VM SE) [OBSOLETE]
Price 10.99
505 2# - FORMATTED CONTENTS NOTE
Formatted contents note Is letting for you? -- Finding the right property -- Working out the numbers -- Decor and renovation -- Finding suitable tenants -- Rights and obligations -- Becoming a portfolio landlord -- Buying and letting property abroad -- Mostly for tenants -- Resources.
520 ## - SUMMARY, ETC.
Summary, etc. Offers reliable advice on all aspects of becoming a landlord and valuable guidance on choosing a property, calculating finances, buying abroad, picking an agent and dealing with tenants and lodgers. The new edition contains further information on landlord associations, tenancy deposit schemes, health and safety issues, problems with social tenants the licensing of HMOs, REITs , energy efficiency matters, newbuild properties and guaranteed rents.
520 ## - SUMMARY, ETC.
Summary, etc. Supersedes fifth ed. (ISBN 0749443553)
590 ## - LOCAL NOTE (RLIN)
Local note IKA141106
651 04 - SUBJECT ADDED ENTRY--GEOGRAPHIC NAME
Geographic name England and Wales
Chronological subdivision 1543-
690 ## - LOCAL SUBJECT ADDED ENTRY--TOPICAL TERM (OCLC, RLIN)
Topical term or geographic name as entry element PROPERTY-RESIDENTIAL PROPERTY-LEASEHOLD RESIDENTIAL PROPERTY-TENANTED LEASEHOLD RESIDENTIAL PROPERTY
942 ## - ADDED ENTRY ELEMENTS (KOHA)
Suppress in OPAC 0
Holdings
Withdrawn status Lost status Source of classification or shelving scheme Damaged status Not for loan Home library Current library Shelving location Date acquired Cost, normal purchase price Total Checkouts Full call number Barcode Date last seen Date last checked out Copy number Cost, replacement price Price effective from Koha item type
    Dewey Decimal Classification     London London Books 10/11/2006 10.99 10 346.4104342 HOD 30073421 06/08/2019 22/03/2010 1 10.99 06/08/2019 Book